A la sombra de Darwin (Record no. 68299)

MARC details
000 -LEADER
campo de control de longitud fija 01185nam a2200325 i 4500
001 - NÚMERO DE CONTROL
campo de control 68299
003 - IDENTIFICADOR DE NÚMERO DE CONTROL
campo de control ES-MaACL
005 - FECHA Y HORA DE LA ÚLTIMA TRANSACCIÓN
campo de control 20250822032535.0
007 - CAMPO FIJO DE DESCRIPCIÓN FÍSICA--INFORMACIÓN GENERAL
campo de control de longitud fija t|
008 - DATOS DE LONGITUD FIJA--INFORMACIÓN GENERAL
campo de control de longitud fija 040616s2003 sp ||||0| spa d
020 ## - NÚMERO INTERNACIONAL ESTÁNDAR DEL LIBRO
Número Internacional Estándar del Libro 84-323-1144-8
040 ## - FUENTE DE CATALOGACIÓN
Centro catalogador/agencia de origen M-BN
Lengua de catalogación spa
Centro/agencia transcriptor M-BN
080 ## - NÚMERO DE LA CLASIFICACIÓN DECIMAL UNIVERSAL
Número de la Clasificación Decimal Universal 575.8.01
080 ## - NÚMERO DE LA CLASIFICACIÓN DECIMAL UNIVERSAL
Número de la Clasificación Decimal Universal 159.91
100 1# - ENTRADA PRINCIPAL--NOMBRE DE PERSONA
Nombre de persona Castro Nogueira, Laureano.
9 (RLIN) 36940
245 10 - MENCIÓN DEL TÍTULO
Título A la sombra de Darwin
Resto del título : las aproximaciones evolucionistas al comportamiento humano /
Mención de responsabilidad, etc. por Laureano Castro Nogueira, Carlos López-Fanjul de Argüelles y Miguel Angel Toro Ibáñez ; prólogo de Francisco J. Ayala.
260 ## - PUBLICACIÓN, DISTRIBUCIÓN, ETC.
Lugar de publicación, distribución, etc. Madrid :
Nombre del editor, distribuidor, etc. Siglo XXI de España,
Fecha de publicación, distribución, etc. [2003]
300 ## - DESCRIPCIÓN FÍSICA
Extensión X, 212 p ;
Dimensiones 21 cm.
490 1# - MENCIÓN DE SERIE
Mención de serie Ciencia
504 ## - NOTA DE BIBLIOGRAFÍA, ETC.
Nota de bibliografía, etc. Incluye referencias bibliográficas.
650 #7 - PUNTO DE ACCESO ADICIONAL DE MATERIA--TÉRMINO DE MATERIA
Término de materia o nombre geográfico como elemento de entrada Evolucionismo
Fuente del encabezamiento o término embne
9 (RLIN) 12629
650 17 - PUNTO DE ACCESO ADICIONAL DE MATERIA--TÉRMINO DE MATERIA
Término de materia o nombre geográfico como elemento de entrada Psicología fisiológica
Fuente del encabezamiento o término embne
9 (RLIN) 16565
700 1# - ENTRADA AGREGADA--NOMBRE PERSONAL
Nombre de persona López-Fanjul de Argüelles, Carlos.
9 (RLIN) 73633
700 1# - ENTRADA AGREGADA--NOMBRE PERSONAL
Nombre de persona Toro Ibáñez, Miguel Angel.
9 (RLIN) 110690
700 1# - ENTRADA AGREGADA--NOMBRE PERSONAL
Nombre de persona Ayala, Francisco J.,
Fechas asociadas al nombre 1934-
9 (RLIN) 24116
830 0# - PUNTO DE ACCESO ADICIONAL DE SERIE-TÍTULO UNIFORME
Título uniforme Ciencia
9 (RLIN) 178487
830 #0 - PUNTO DE ACCESO ADICIONAL DE SERIE-TÍTULO UNIFORME
Título uniforme Ciencia (Siglo XXI)
9 (RLIN) 119806
852 ## - LOCALIZACIÓN
Ubicación ES-MaACL
Número de control de estantería L-27981
Sublocalización o colección R.133882
Holdings
Estatus retirado Estado de pérdida Estado de daño No para préstamo Biblioteca de origen Biblioteca actual Ubicación en estantería Fecha de adquisición Fuente de adquisición Total de préstamos Signatura topográfica completa Código de barras Visto por última vez Precio de reemplazo Tipo de ítem Koha
        Biblioteca del Ateneo de Madrid Biblioteca del Ateneo de Madrid Depósito 2 17/01/2008     L-27981 1071498 23/02/2023 23/02/2023 Libro impreso